Guess the country by only 2 sentences - Statistics

General Stats
  • This quiz has been taken 56 times
  • The average score is 4 of 5
Answer Stats
Hints Answer % Correct
1. It is one of most populated countries in Europe. 2.There are no speed limits on the highways. Germany
91%
1.It has only one neighbor. 2. Ice hokey is one of its national sports. Canada
83%
1. This country starts with S. 2. It has the highest rated street quality in Europe. Switzerland
83%
1. Its flag is only red and white. 2. It it ranked 69 in countries according to area. Poland
67%
1. Its capital begins with F. 2.It is ranked 191 in countries according to area. Tuvalu
37%
No matching quizzes found
Score Distribution
Percent of People with Each Score
Percentile by Number Answered
Your Score History
You have not taken this quiz